<?xml version='1.0' encoding='UTF-8'?>
  <record xmlns="http://www.loc.gov/MARC21/slim">
    <leader>00000ctm a2200000 i 4500</leader>
    <controlfield tag="001">ocn965408655</controlfield>
    <controlfield tag="003">OCoLC</controlfield>
    <controlfield tag="005">20250219014215.9</controlfield>
    <controlfield tag="008">140402q12901400ne            000 0 dum d</controlfield>
    <datafield tag="040" ind1=" " ind2=" ">
      <subfield code="a">QGJ</subfield>
      <subfield code="b">dut</subfield>
      <subfield code="c">QGJ</subfield>
      <subfield code="d">QGJ</subfield>
      <subfield code="d">OCLCL</subfield>
      <subfield code="d">OCLCQ</subfield>
    </datafield>
    <datafield tag="035" ind1=" " ind2=" ">
      <subfield code="a">(OCoLC)965408655</subfield>
    </datafield>
    <datafield tag="245" ind1="0" ind2="0">
      <subfield code="a">Boec van medicinen in dietsche.</subfield>
      <subfield code="f">UBU Hs. 1328 (Hs 5 F 5 dl 3-4).</subfield>
    </datafield>
    <datafield tag="260" ind1=" " ind2=" ">
      <subfield code="a">Utrecht,</subfield>
      <subfield code="c">1290-1400.</subfield>
    </datafield>
    <datafield tag="300" ind1=" " ind2=" ">
      <subfield code="a">Fols. 71-127 :</subfield>
      <subfield code="b">rubricering ;</subfield>
      <subfield code="c">210 x 155 (160 x 120) mm</subfield>
    </datafield>
    <datafield tag="336" ind1=" " ind2=" ">
      <subfield code="a">text</subfield>
      <subfield code="b">txt</subfield>
      <subfield code="2">rdacontent</subfield>
    </datafield>
    <datafield tag="337" ind1=" " ind2=" ">
      <subfield code="a">unmediated</subfield>
      <subfield code="b">n</subfield>
      <subfield code="2">rdamedia</subfield>
    </datafield>
    <datafield tag="338" ind1=" " ind2=" ">
      <subfield code="a">volume</subfield>
      <subfield code="b">nc</subfield>
      <subfield code="2">rdacarrier</subfield>
    </datafield>
    <datafield tag="340" ind1=" " ind2=" ">
      <subfield code="a">perkament</subfield>
      <subfield code="k">1 kolom, 28 regels, littera textualis.</subfield>
    </datafield>
    <datafield tag="500" ind1=" " ind2=" ">
      <subfield code="a">Datering: 14de eeuw.</subfield>
    </datafield>
    <datafield tag="562" ind1=" " ind2=" ">
      <subfield code="a">Binding note: Hs. 1328 (Hs 5 F 5) dl 3-4.</subfield>
      <subfield code="5">NL-UtRU</subfield>
    </datafield>
    <datafield tag="563" ind1=" " ind2=" ">
      <subfield code="a">Leren band op houten platten; van nieuwe band voorzien in 1989.</subfield>
    </datafield>
    <datafield tag="500" ind1=" " ind2=" ">
      <subfield code="a">Restauratierapport Aanwezig.</subfield>
    </datafield>
    <datafield tag="500" ind1=" " ind2=" ">
      <subfield code="a">Gebaseerd op de werken van Avicenna en Galenus.</subfield>
    </datafield>
    <datafield tag="500" ind1=" " ind2=" ">
      <subfield code="a">Incipit: Hier beghint een nuttelike cort boec van medicinen ghemaect in dietsche dat ghetoghen es ende ghecopuleert uut Galienus boeken ende Avicenne.</subfield>
    </datafield>
    <datafield tag="500" ind1=" " ind2=" ">
      <subfield code="a">Boven de tekst: Maria coemt tot minen beghin / hier gaet medicine in dietsche in.</subfield>
    </datafield>
    <datafield tag="500" ind1=" " ind2=" ">
      <subfield code="a">Incompleet, eindigt met: nochtans als een te bedde ; Hieronder de custode: sal gaen ende wantmen.</subfield>
    </datafield>
    <datafield tag="500" ind1=" " ind2=" ">
      <subfield code="a">Tussen laatste zin en custode is in een andere hand geschreven: Breuder Thomas het dit boecke gemaeckt anno 1300. T'Utrecht.</subfield>
    </datafield>
    <datafield tag="500" ind1=" " ind2=" ">
      <subfield code="a">Fol. 71r: blanco; Fol. 71v bevat een vijf-regelig recept voor een voetenzalf, incipit: Nemet newe viroc [of: bivot?] ende orpois ende was [...] (In de diverse beschrijvingen en in MMDC soms genummerd als dl. 3 van dit convoluut).</subfield>
    </datafield>
    <datafield tag="500" ind1=" " ind2=" ">
      <subfield code="a">Waarschijnlijk gemaakt door de Minderbroeders te Utrecht en in hun bezit geweest.</subfield>
    </datafield>
    <datafield tag="500" ind1=" " ind2=" ">
      <subfield code="a">Bevat tevens: De natuurkunde van het geheelal; Natuurkunde / door Broeder Thomas; (Zie hiervoor de afzonderlijke beschrijvingen).</subfield>
    </datafield>
    <datafield tag="500" ind1=" " ind2=" ">
      <subfield code="a">De drie delen in deze band zijn in dezelfde hand geschreven.</subfield>
    </datafield>
    <datafield tag="524" ind1=" " ind2=" ">
      <subfield code="a">Te citeren als: Universiteitsbibliotheek Utrecht Hs. 1328 (Hs 5 F 5).</subfield>
    </datafield>
    <datafield tag="581" ind1=" " ind2=" ">
      <subfield code="a">P. van der Wielen, 'De pharmacie in Nederland gedurende de Middeleeuwen' I, III, 'Een middeleeuwsch Nederlandsch kruidenboek' II, in: Pharmaceutisch weekblad 26-34 (1900), p. ...; 78 (1941), p. 673-698, 713-735, 996-998; 53 (1916), p. 818-849.</subfield>
    </datafield>
    <datafield tag="581" ind1=" " ind2=" ">
      <subfield code="a">G. Keil, 'Recensie van Boec van medicinen in Dietsche. Een middelnederlandse compilatie van medisch-farmaceutische literatuur. Uitg. door W.F. Daems. Leiden 1967', in: Niederdeutsche Mitteilungen 24 (1968), p. 141-148.</subfield>
    </datafield>
    <datafield tag="581" ind1=" " ind2=" ">
      <subfield code="a">E. Manning, 'Recensie van Boec van medicinen in Dietsche. Een middelnederlandse compilatie van medisch-farmaceutische literatuur. Uitg. door W.F. Daems. Leiden 1967', in: Scriptorium 24 (1970), p. 152-153.</subfield>
    </datafield>
    <datafield tag="581" ind1=" " ind2=" ">
      <subfield code="a">R. Jansen-Sieben, Repertorium van de middelnederlandse artes-literatuur. Utrecht, 1989.</subfield>
    </datafield>
    <datafield tag="581" ind1=" " ind2=" ">
      <subfield code="a">M.H. Green, 'A handlist of latin and vernacular manuscripts of the so-called Trotula texts' 2, in: Scriptorium 51 (1997), p. 80-104.</subfield>
    </datafield>
    <datafield tag="581" ind1=" " ind2=" ">
      <subfield code="a">O. Lie, 'Boekenkennis en het vrouwelijk lichaam: van Trotula tot Jakob Ruf', in: Bijzonder onderzoek. Een ontdekkingsreis door de bijzondere collecties van de Universiteitsbibliotheek Utrecht. Onder red. van M. van Egmond, B. Jaski, H. Mulder. Utrecht, 2009, p. 216-223.</subfield>
    </datafield>
    <datafield tag="581" ind1=" " ind2=" ">
      <subfield code="a">P.A. Tiele, Catalogus codicum manu scriptorum Bibliothecae Universitatis Rheno-Trajectinae. I. Trajecti ad Rhenum / Hagae Comitis, 1887, p. 316.</subfield>
    </datafield>
    <datafield tag="581" ind1=" " ind2=" ">
      <subfield code="a">K. Stooker &amp; Th. Verbeij, Collecties op orde. Middelnederlandse handschriften uit kloosters en semi-religieuze gemeenschappen in de Nederlanden. 2 dln. Leuven, 1997. (= Miscellanea Neerlandica 16).</subfield>
    </datafield>
    <datafield tag="581" ind1=" " ind2=" ">
      <subfield code="a">Handschriften en oude drukken van de Utrechtse Universiteitsbibliotheek. Catalogus bij de tentoonstelling in het Centraal Museum te Utrecht ter gelegenheid van het 400-jarig bestaan van de bibliotheek der Rijksuniversiteit, 1584-1984. Utrecht 1984. p. 216-219 nr. 102, afb. op p. 217.</subfield>
    </datafield>
    <datafield tag="581" ind1=" " ind2=" ">
      <subfield code="a">E. Huizenga, O.S.H. Lie &amp; L.M. Veltman, 'Inleiding. Een wereld van kennis,' in: Een wereld van kennis. Bloemlezing uit de Middelnederlandse Artesliteratuur. Hilversum 2002, p. 11-36. (= Artesliteratuur in de Nederlanden 1). p. 30, afb. op p. 25.</subfield>
    </datafield>
    <datafield tag="650" ind1=" " ind2="7">
      <subfield code="a">Geneeskunde.</subfield>
      <subfield code="0">(NL-LeOCL)078516528.</subfield>
      <subfield code="2">gtt</subfield>
    </datafield>
    <datafield tag="650" ind1=" " ind2="7">
      <subfield code="a">Artes-literatuur.</subfield>
      <subfield code="0">(NL-LeOCL)095967532.</subfield>
      <subfield code="2">gtt</subfield>
    </datafield>
    <datafield tag="655" ind1=" " ind2="7">
      <subfield code="a">Handschriften (vorm)</subfield>
      <subfield code="0">(NL-LeOCL)088143309.</subfield>
      <subfield code="2">gtt</subfield>
    </datafield>
    <datafield tag="700" ind1="1" ind2=" ">
      <subfield code="a">Galenus, Claudius.</subfield>
    </datafield>
    <datafield tag="700" ind1="1" ind2=" ">
      <subfield code="a">Ibn Sīnā, al-Ḥusayn b. ʿAbd Allāh,</subfield>
      <subfield code="d">ca. 980-1037.</subfield>
    </datafield>
    <datafield tag="710" ind1="2" ind2=" ">
      <subfield code="a">Minderbroederklooster (Utrecht)</subfield>
      <subfield code="e">former owner.</subfield>
      <subfield code="4">fmo</subfield>
      <subfield code="5">NL-UtRU</subfield>
    </datafield>
    <datafield tag="758" ind1=" " ind2=" ">
      <subfield code="a">UBU Hs. 1328 (Hs 5 F 5 dl 3-4) Boec van medicinen in dietsche (Text)</subfield>
      <subfield code="1">https://id.oclc.org/worldcat/entity/E39PCXjcmqDDGBqt98YK4f6jhb</subfield>
      <subfield code="4">https://id.oclc.org/worldcat/ontology/hasWork</subfield>
    </datafield>
    <datafield tag="856" ind1="4" ind2="1">
      <subfield code="u">http://objects.library.uu.nl/reader/resolver.php?obj=002588945&amp;type=2</subfield>
      <subfield code="x">Online</subfield>
      <subfield code="z">Full text</subfield>
    </datafield>
    <datafield tag="936" ind1=" " ind2=" ">
      <subfield code="a">BATCHLOAD</subfield>
    </datafield>
  </record>